00522nam a2200193Ia 4500003000900000008004100009040001300050040001300063041000800076100001600084245004800100250000900148260002000157260000900177300001000186490002900196490000700225600009600232IT-RoPAU120407s9999 xx 000 0 und d aIT-RoPAU cIT-RoPAU aita aAldo Agosti aLa Terza Internazionale. Storia documentata aRoma aEditori Riuniti c1974 c22 cm aBiblioteca di storia, 46 v22 a"1° v. parte prima: marzo 1919-dicembre 1920 1.v. Parte seconda: genn. 1921-dicembre 1923"